| 000 | 00928nac a22002771u 4500 | ||
|---|---|---|---|
| 999 |
_c221 _d221 |
||
| 003 | EG-ScBUE | ||
| 005 | 20210418115149.0 | ||
| 008 | 200219s2002 le f 000 f eng d | ||
| 020 | _a9953102724 | ||
| 020 | _a9789953102726 | ||
| 040 |
_aEG-ScBUE _beng _erda _cEG-ScBUE _dEG-ScBUE |
||
| 082 | 0 | 4 |
_a823.8 _bBRO _222 |
| 100 | 1 |
_aBrontë, Charlotte, _d1816-1855, _eauthor. |
|
| 245 |
_aJane Eyre : _bwith an introduction, a guide, notes and a glossary / _cCharlotte Brontë. |
||
| 250 | _aReprinted edition. | ||
| 264 | 1 |
_aBeirut : _bYork Press, _c2002. |
|
| 300 |
_axxvii, 473 pages : _c18 cm |
||
| 336 |
_2rdacontent _atext _btxt |
||
| 337 |
_2rdamedia _aunmediated _bn |
||
| 338 |
_2rdacarrier _avolume _bnc |
||
| 650 | 7 |
_aGovernesses _zEngland _vFiction. _2BUEsh |
|
| 651 | 7 |
_aEngland _xSocial life and customs _vFiction. _2BUEsh |
|
| 653 |
_bHHUUEENN _cApril2021 |
||
| 655 |
_vReading book _934232 |
||
| 942 |
_cBB _k823B8697 _2ddc |
||